সিপাহী যুদ্ধ ও বাংলাদেশ / (Record no. 26184)
[ view plain ]
| 000 -LEADER | |
|---|---|
| fixed length control field | 01077nam a22002057a 4500 |
| 003 - CONTROL NUMBER IDENTIFIER | |
| control field | BDDh-ASL |
| 005 - DATE AND TIME OF LATEST TRANSACTION | |
| control field | 20231015030618.0 |
| 008 - FIXED-LENGTH DATA ELEMENTS--GENERAL INFORMATION | |
| fixed length control field | 210918s1984 bg ||||| |||| 00| 0 b d |
| 040 ## - CATALOGING SOURCE | |
| Transcribing agency | BDDh-ASL |
| 082 ## - DEWEY DECIMAL CLASSIFICATION NUMBER | |
| Classification number | 954.9205 |
| Item number | RAS |
| 100 1# - MAIN ENTRY--PERSONAL NAME | |
| Personal name | চক্রবত্র্তী রতন লাল |
| 9 (RLIN) | 1251 |
| 245 10 - TITLE STATEMENT | |
| Title | সিপাহী যুদ্ধ ও বাংলাদেশ / |
| 246 ## - VARYING FORM OF TITLE | |
| Title proper/short title | Sipahee Juddha-O-Bangladesh |
| 260 ## - PUBLICATION, DISTRIBUTION, ETC. | |
| Place of publication, distribution, etc. | ঢাকা: |
| Name of publisher, distributor, etc. | বাংলা একাডেমি, |
| Date of publication, distribution, etc. | ১৯৮৪। |
| 300 ## - PHYSICAL DESCRIPTION | |
| Extent | ২৭২ p. : |
| Dimensions | ২২ সে. মি. |
| 504 ## - BIBLIOGRAPHY, ETC. NOTE | |
| Bibliography, etc. note | গ্রন্থপঞ্জি ও নিঘন্ট সংযুক্ত । |
| 650 #0 - SUBJECT ADDED ENTRY--TOPICAL TERM | |
| Topical term or geographic name entry element | মুক্তিযুদ্ধের ইতিহাস (Liberation War of Bangladesh) Muktijuddher Itihash, Ekattor, একাত্তর, মুক্তিযুদ্ধ |
| General subdivision | মুক্তিযুদ্ধ (Muktijuddha) |
| Chronological subdivision | 1971 |
| Geographic subdivision | Bangladesh (বাংলাদেশ) |
| -- | India (ভারত) |
| -- | Pakistan (পাকিস্তান) |
| 9 (RLIN) | 936 |
| 651 #0 - SUBJECT ADDED ENTRY--GEOGRAPHIC NAME | |
| 9 (RLIN) | 31 |
| Geographic name | Bangladesh |
| 942 ## - ADDED ENTRY ELEMENTS (KOHA) | |
| Source of classification or shelving scheme | Dewey Decimal Classification |
| Koha item type | Books |
| Withdrawn status | Lost status | Source of classification or shelving scheme | Damaged status | Not for loan | Collection code | Home library | Current library | Shelving location | Date acquired | Source of acquisition | Total Checkouts | Full call number | Barcode | Date last seen | Copy number | Price effective from | Koha item type | Public note |
|---|---|---|---|---|---|---|---|---|---|---|---|---|---|---|---|---|---|---|
| Dewey Decimal Classification | Non-fiction | Asiatic Society Library | Asiatic Society Library | General Stacks | 10/03/2021 | ASB Collection | 954.9205 RAS | 112174 | 10/03/2021 | C-1 | 10/03/2021 | Books | RARE | |||||
| Dewey Decimal Classification | Non-fiction | Asiatic Society Library | Asiatic Society Library | General Stacks | 10/03/2021 | ASB Collection | 954.9205 RAS | 112175 | 10/03/2021 | C-2 | 10/03/2021 | Books |